000 00652nam a2200241Ia 4500
003 OSt
005 20220918175956.0
006 a|||||r|||| 00| 0
007 ta
008 220917b |||||||| |||| 00| 0 eng d
024 _a20,046
037 _cTextual
040 _aARTS
_cARTS
_beng
041 _2eng
_aeng
082 _aO111,3:gM, J8;L6
100 _aLevin Harry
245 0 _aPower of blackness
_b Hawthorne Poe Melville
260 _aNewYork
_bAlfred A knopf USA
_c1976
300 _axii, 263p.
_ccm.
650 _aENGLISH LITERATURE
942 _hO111,3:gM, J8;L6
_cTEXL
_2CC
999 _c159818
_d159818